La nulidad parcial del testamento / (Record no. 47912)
[ view plain ]
| 000 -LEADER | |
|---|---|
| campo de control de longitud fija | 01361nam a2200325 i 4500 |
| 001 - NÚMERO DE CONTROL | |
| campo de control | 47912 |
| 003 - IDENTIFICADOR DE NÚMERO DE CONTROL | |
| campo de control | ES-MaACL |
| 005 - FECHA Y HORA DE LA ÚLTIMA TRANSACCIÓN | |
| campo de control | 20250728062601.0 |
| 007 - CAMPO FIJO DE DESCRIPCIÓN FÍSICA--INFORMACIÓN GENERAL | |
| campo de control de longitud fija | t| |
| 008 - DATOS DE LONGITUD FIJA--INFORMACIÓN GENERAL | |
| campo de control de longitud fija | 030625s2002 sp ||||0| spa j |
| 020 ## - NÚMERO INTERNACIONAL ESTÁNDAR DEL LIBRO | |
| Número Internacional Estándar del Libro | 84-95240-65-3 |
| 040 ## - FUENTE DE CATALOGACIÓN | |
| Centro catalogador/agencia de origen | M-BN |
| Lengua de catalogación | spa |
| Centro/agencia transcriptor | M-BN |
| 080 ## - NÚMERO DE LA CLASIFICACIÓN DECIMAL UNIVERSAL | |
| Número de la Clasificación Decimal Universal | 347.672(460) |
| 100 1# - ENTRADA PRINCIPAL--NOMBRE DE PERSONA | |
| Nombre de persona | Casanueva Sánchez, Isidoro C. |
| 9 (RLIN) | 36142 |
| 245 13 - MENCIÓN DEL TÍTULO | |
| Título | La nulidad parcial del testamento / |
| Mención de responsabilidad, etc. | Isidoro C. Casanueva Sánchez ; con prólogo del Prof. Antonio Román García. |
| 260 ## - PUBLICACIÓN, DISTRIBUCIÓN, ETC. | |
| Lugar de publicación, distribución, etc. | [Madrid] : |
| Nombre del editor, distribuidor, etc. | Centro de Estudios Registrales, |
| Fecha de publicación, distribución, etc. | [2002] |
| 300 ## - DESCRIPCIÓN FÍSICA | |
| Extensión | 261 p ; |
| Dimensiones | 23 cm. |
| 490 1# - MENCIÓN DE SERIE | |
| Mención de serie | Monografías |
| 500 ## - NOTA GENERAL | |
| Nota general | Incluye índice cronológico de sentencias del Tribunal Supremo y resoluciones de la Dirección General de los Registros y del Notariado. |
| 500 ## - NOTA GENERAL | |
| Nota general | Recoge parte de la tesis doctoral del autor. |
| 504 ## - NOTA DE BIBLIOGRAFÍA, ETC. | |
| Nota de bibliografía, etc. | Bibliografía: p. 243-258. |
| 650 14 - PUNTO DE ACCESO ADICIONAL DE MATERIA--TÉRMINO DE MATERIA | |
| Término de materia o nombre geográfico como elemento de entrada | Testamentos- |
| Subdivisión geográfica | España. |
| 9 (RLIN) | 17524 |
| 650 14 - PUNTO DE ACCESO ADICIONAL DE MATERIA--TÉRMINO DE MATERIA | |
| Término de materia o nombre geográfico como elemento de entrada | Nulidad (Derecho)- |
| Subdivisión geográfica | España. |
| 9 (RLIN) | 15645 |
| 700 1# - ENTRADA AGREGADA--NOMBRE PERSONAL | |
| Nombre de persona | Román García, Antonio. |
| 9 (RLIN) | 99225 |
| 710 2# - ENTRADA AGREGADA--NOMBRE DE ENTIDAD CORPORATIVA | |
| Nombre de entidad corporativa o nombre de jurisdicción como elemento de entrada | Colegio de Registradores de la Propiedad y Mercantiles de España. |
| Unidad subordinada | Centro de Estudios Registrales. |
| 9 (RLIN) | 162314 |
| 730 #0 - ASIENTO SECUNDARIO--TITULO UNIFORME | |
| Título uniforme | Monografías (Centro de Estudios Registrales) |
| 9 (RLIN) | 179814 |
| 830 00 - PUNTO DE ACCESO ADICIONAL DE SERIE-TÍTULO UNIFORME | |
| Título uniforme | Monografías (Centro de Estudios Benaventanos "Ledo del Pozo") |
| 9 (RLIN) | 177262 |
| 852 ## - LOCALIZACIÓN | |
| Ubicación | ES-MaACL |
| Número de control de estantería | L-26436 |
| Sublocalización o colección | R.132004 |
| Estatus retirado | Estado de pérdida | Estado de daño | No para préstamo | Biblioteca de origen | Biblioteca actual | Ubicación en estantería | Fecha de adquisición | Fuente de adquisición | Total de préstamos | Signatura topográfica completa | Código de barras | Visto por última vez | Precio de reemplazo | Tipo de ítem Koha |
|---|---|---|---|---|---|---|---|---|---|---|---|---|---|---|
| Biblioteca del Ateneo de Madrid | Biblioteca del Ateneo de Madrid | Depósito 2 | 17/01/2008 | L-26436 | 1050422 | 23/02/2023 | 23/02/2023 | Libro impreso |
